<?xml version="1.0" encoding="UTF-8"?>
<record
    xmlns:xsi="http://www.w3.org/2001/XMLSchema-instance"
    xsi:schemaLocation="http://www.loc.gov/MARC21/slim http://www.loc.gov/standards/marcxml/schema/MARC21slim.xsd"
    xmlns="http://www.loc.gov/MARC21/slim">

  <leader>01196nam a22002897a 4500</leader>
  <datafield tag="999" ind1=" " ind2=" ">
    <subfield code="c">22394</subfield>
    <subfield code="d">22394</subfield>
  </datafield>
  <controlfield tag="003">OSt</controlfield>
  <controlfield tag="005">20220523100026.0</controlfield>
  <controlfield tag="008">220523b           ||||| |||| 00| 0 spa</controlfield>
  <datafield tag="020" ind1=" " ind2=" ">
    <subfield code="a">9786124582462</subfield>
  </datafield>
  <datafield tag="040" ind1=" " ind2=" ">
    <subfield code="c">Biblioteca Municipal del Cusco</subfield>
  </datafield>
  <datafield tag="082" ind1="0" ind2="0">
    <subfield code="a">985.01/O44</subfield>
    <subfield code="b">O44</subfield>
  </datafield>
  <datafield tag="100" ind1="1" ind2=" ">
    <subfield code="a">Olivera N&#xFA;&#xF1;ez, Quirino</subfield>
    <subfield code="9">48008</subfield>
  </datafield>
  <datafield tag="245" ind1="1" ind2="0">
    <subfield code="a">Arqueolog&#xED;a Alto Amaz&#xF3;nica :</subfield>
    <subfield code="b">los or&#xED;genes de la civilizaci&#xF3;n en el Per&#xFA; /</subfield>
    <subfield code="c">Quirino Olivera N&#xFA;&#xF1;ez</subfield>
  </datafield>
  <datafield tag="246" ind1="3" ind2="1">
    <subfield code="a">High Amazon archeology :</subfield>
    <subfield code="b">the origins of the civilizations in Per&#xFA;</subfield>
  </datafield>
  <datafield tag="250" ind1=" " ind2=" ">
    <subfield code="a">Primera edici&#xF3;n.</subfield>
  </datafield>
  <datafield tag="264" ind1=" " ind2="1">
    <subfield code="a">Lima :</subfield>
    <subfield code="b">Apus Graph Ediciones,</subfield>
    <subfield code="c">2014.</subfield>
  </datafield>
  <datafield tag="300" ind1=" " ind2=" ">
    <subfield code="a">260 p&#xE1;ginas. :</subfield>
    <subfield code="b">ilustraciones en color, mapas, plano, retratos ;</subfield>
    <subfield code="c">30x25 cm.</subfield>
  </datafield>
  <datafield tag="500" ind1=" " ind2=" ">
    <subfield code="a">Texto en espa&#xF1;ol e ingl&#xE9;s.</subfield>
  </datafield>
  <datafield tag="504" ind1=" " ind2=" ">
    <subfield code="a">Bibliograf&#xED;a: p&#xE1;ginas. 258-260.</subfield>
  </datafield>
  <datafield tag="650" ind1=" " ind2=" ">
    <subfield code="a">Arqueolog&#xED;a</subfield>
    <subfield code="z">Amazon&#xED;a</subfield>
    <subfield code="z">Per&#xFA;</subfield>
    <subfield code="9">48009</subfield>
  </datafield>
  <datafield tag="650" ind1=" " ind2=" ">
    <subfield code="a">Excavaciones (Arqueolog&#xED;a)</subfield>
    <subfield code="z">Amazon&#xED;a</subfield>
    <subfield code="z">Per&#xFA;</subfield>
    <subfield code="9">48010</subfield>
  </datafield>
  <datafield tag="651" ind1=" " ind2=" ">
    <subfield code="a">Per&#xFA;</subfield>
    <subfield code="x">Historia</subfield>
    <subfield code="y">&#xC9;poca Prehisp&#xE1;nica</subfield>
    <subfield code="9">48011</subfield>
  </datafield>
  <datafield tag="651" ind1=" " ind2=" ">
    <subfield code="a">Amazon&#xED;a peruana (Per&#xFA;)</subfield>
    <subfield code="x">Historia</subfield>
    <subfield code="y">&#xC9;poca Prehisp&#xE1;nica</subfield>
    <subfield code="9">48012</subfield>
  </datafield>
  <datafield tag="651" ind1=" " ind2=" ">
    <subfield code="a">Per&#xFA;</subfield>
    <subfield code="x">Antig&#xFC;edades</subfield>
    <subfield code="y">&#xC9;poca Prehisp&#xE1;nica</subfield>
    <subfield code="9">48013</subfield>
  </datafield>
  <datafield tag="700" ind1=" " ind2=" ">
    <subfield code="a">Luj&#xE1;n, Rachel</subfield>
    <subfield code="e">traductor</subfield>
    <subfield code="9">48014</subfield>
  </datafield>
  <datafield tag="942" ind1=" " ind2=" ">
    <subfield code="2">ddc</subfield>
    <subfield code="c">LIBROS</subfield>
  </datafield>
  <datafield tag="952" ind1=" " ind2=" ">
    <subfield code="0">0</subfield>
    <subfield code="1">0</subfield>
    <subfield code="2">ddc</subfield>
    <subfield code="4">0</subfield>
    <subfield code="7">0</subfield>
    <subfield code="a">SH</subfield>
    <subfield code="b">SH</subfield>
    <subfield code="c">CART</subfield>
    <subfield code="d">2022-05-23</subfield>
    <subfield code="e">Donaci&#xF3;n</subfield>
    <subfield code="g">150.00</subfield>
    <subfield code="o">985.01/O44</subfield>
    <subfield code="p">SH0000016237</subfield>
    <subfield code="r">2022-05-23</subfield>
    <subfield code="w">2022-05-23</subfield>
    <subfield code="y">LIBROS</subfield>
  </datafield>
</record>
